How Many Times Can You Type Jetpunk? - Statistics

General Stats
  • This quiz has been taken 32 times
  • The average score is 183 of 350
Answer Stats
Answer % Correct
Jetpunk
100%
Jetpunk
88%
Jetpunk
88%
Jetpunk
88%
Jetpunk
82%
Jetpunk
82%
Jetpunk
82%
Jetpunk
82%
Jetpunk
82%
Jetpunk
82%
Jetpunk
82%
Jetpunk
82%
Jetpunk
82%
Jetpunk
82%
Jetpunk
82%
Jetpunk
82%
Jetpunk
82%
Jetpunk
82%
Jetpunk
82%
Jetpunk
82%
Jetpunk
82%
Jetpunk
82%
Jetpunk
82%
Jetpunk
82%
Jetpunk
82%
Jetpunk
82%
Jetpunk
82%
Jetpunk
82%
Jetpunk
82%
Jetpunk
82%
Jetpunk
82%
Jetpunk
82%
Jetpunk
82%
Jetpunk
82%
Jetpunk
82%
Jetpunk
82%
Jetpunk
82%
Jetpunk
82%
Jetpunk
82%
Jetpunk
76%
Jetpunk
76%
Jetpunk
71%
Jetpunk
71%
Jetpunk
71%
Jetpunk
71%
Jetpunk
71%
Jetpunk
71%
Jetpunk
71%
Jetpunk
71%
Jetpunk
71%
Jetpunk
71%
Jetpunk
71%
Jetpunk
71%
Jetpunk
71%
Jetpunk
71%
Jetpunk
71%
Jetpunk
71%
Jetpunk
71%
Jetpunk
71%
Jetpunk
71%
Jetpunk
71%
Jetpunk
71%
Jetpunk
71%
Jetpunk
71%
Jetpunk
71%
Jetpunk
71%
Jetpunk
71%
Jetpunk
71%
Jetpunk
71%
Jetpunk
71%
Jetpunk
71%
Jetpunk
71%
Jetpunk
71%
Jetpunk
71%
Jetpunk
71%
Jetpunk
71%
Jetpunk
71%
Jetpunk
71%
Jetpunk
71%
Jetpunk
71%
Jetpunk
71%
Jetpunk
71%
Jetpunk
71%
Jetpunk
71%
Jetpunk
71%
Jetpunk
71%
Jetpunk
71%
Jetpunk
71%
Jetpunk
71%
Jetpunk
71%
Jetpunk
71%
Jetpunk
71%
Jetpunk
71%
Jetpunk
71%
Jetpunk
71%
Jetpunk
71%
Jetpunk
71%
Jetpunk
71%
Jetpunk
71%
Jetpunk
71%
Jetpunk
71%
Jetpunk
71%
Jetpunk
71%
Jetpunk
71%
Jetpunk
71%
Jetpunk
65%
Jetpunk
65%
Jetpunk
65%
Jetpunk
65%
Jetpunk
65%
Jetpunk
65%
Jetpunk
65%
Jetpunk
65%
Jetpunk
65%
Jetpunk
65%
Jetpunk
59%
Jetpunk
47%
Jetpunk
47%
Jetpunk
47%
Jetpunk
47%
Jetpunk
47%
Jetpunk
47%
Jetpunk
41%
Jetpunk
41%
Jetpunk
41%
Jetpunk
41%
Jetpunk
41%
Jetpunk
41%
Jetpunk
41%
Jetpunk
41%
Jetpunk
41%
Jetpunk
41%
Jetpunk
41%
Jetpunk
41%
Jetpunk
41%
Jetpunk
41%
Jetpunk
41%
Jetpunk
41%
Jetpunk
41%
Jetpunk
41%
Jetpunk
41%
Jetpunk
41%
Jetpunk
41%
Jetpunk
41%
Jetpunk
41%
Jetpunk
41%
Jetpunk
41%
Jetpunk
41%
Jetpunk
41%
Jetpunk
41%
Jetpunk
41%
Jetpunk
41%
Jetpunk
41%
Jetpunk
41%
Jetpunk
41%
Jetpunk
41%
Jetpunk
41%
Jetpunk
41%
Jetpunk
41%
Jetpunk
41%
Jetpunk
41%
Jetpunk
41%
Jetpunk
41%
Jetpunk
41%
Jetpunk
41%
Jetpunk
41%
Jetpunk
41%
Jetpunk
41%
Jetpunk
41%
Jetpunk
41%
Jetpunk
41%
Jetpunk
41%
Jetpunk
41%
Jetpunk
41%
Jetpunk
41%
Jetpunk
41%
Jetpunk
41%
Jetpunk
41%
Jetpunk
41%
Jetpunk
41%
Jetpunk
41%
Jetpunk
41%
Jetpunk
41%
Jetpunk
41%
Jetpunk
41%
Jetpunk
41%
Jetpunk
41%
Jetpunk
41%
Jetpunk
41%
Jetpunk
41%
Jetpunk
41%
Jetpunk
41%
Jetpunk
41%
Jetpunk
41%
Jetpunk
41%
Jetpunk
41%
Jetpunk
41%
Jetpunk
41%
Jetpunk
41%
Jetpunk
41%
Jetpunk
41%
Jetpunk
41%
Jetpunk
41%
Jetpunk
41%
Jetpunk
41%
Jetpunk
41%
Jetpunk
41%
Jetpunk
41%
Jetpunk
41%
Jetpunk
41%
Jetpunk
41%
Jetpunk
41%
Jetpunk
41%
Jetpunk
41%
Jetpunk
41%
Jetpunk
41%
Jetpunk
41%
Jetpunk
41%
Jetpunk
41%
Jetpunk
41%
Jetpunk
41%
Jetpunk
41%
Jetpunk
41%
Jetpunk
41%
Jetpunk
41%
Jetpunk
41%
Jetpunk
41%
Jetpunk
41%
Jetpunk
41%
Jetpunk
41%
Jetpunk
41%
Jetpunk
41%
Jetpunk
41%
Jetpunk
41%
Jetpunk
41%
Jetpunk
41%
Jetpunk
41%
Jetpunk
41%
Jetpunk
41%
Jetpunk
41%
Jetpunk
41%
Jetpunk
41%
Jetpunk
41%
Jetpunk
41%
Jetpunk
41%
Jetpunk
41%
Jetpunk
41%
Jetpunk
41%
Jetpunk
41%
Jetpunk
41%
Jetpunk
41%
Jetpunk
41%
Jetpunk
41%
Jetpunk
41%
Jetpunk
41%
Jetpunk
41%
Jetpunk
41%
Jetpunk
41%
Jetpunk
41%
Jetpunk
41%
Jetpunk
41%
Jetpunk
41%
Jetpunk
41%
Jetpunk
41%
Jetpunk
41%
Jetpunk
41%
Jetpunk
41%
Jetpunk
41%
Jetpunk
41%
Jetpunk
41%
Jetpunk
41%
Jetpunk
41%
Jetpunk
41%
Jetpunk
41%
Jetpunk
41%
Jetpunk
41%
Jetpunk
41%
Jetpunk
41%
Jetpunk
41%
Jetpunk
41%
Jetpunk
41%
Jetpunk
41%
Jetpunk
41%
Jetpunk
41%
Jetpunk
41%
Jetpunk
41%
Jetpunk
41%
Jetpunk
41%
Jetpunk
41%
Jetpunk
41%
Jetpunk
41%
Jetpunk
41%
Jetpunk
41%
Jetpunk
41%
Jetpunk
41%
Jetpunk
41%
Jetpunk
41%
Jetpunk
41%
Jetpunk
41%
Jetpunk
41%
Jetpunk
41%
Jetpunk
41%
Jetpunk
41%
Jetpunk
41%
Jetpunk
41%
Jetpunk
41%
Jetpunk
41%
Jetpunk
41%
Jetpunk
41%
Jetpunk
41%
Jetpunk
41%
Jetpunk
41%
Jetpunk
41%
Jetpunk
41%
Jetpunk
41%
Jetpunk
41%
Jetpunk
41%
Jetpunk
41%
Jetpunk
41%
Jetpunk
41%
Jetpunk
41%
Jetpunk
41%
Jetpunk
41%
Jetpunk
41%
Jetpunk
41%
Jetpunk
41%
Jetpunk
41%
Jetpunk
41%
Jetpunk
41%
Jetpunk
41%
Jetpunk
41%
Jetpunk
41%
Jetpunk
41%
Jetpunk
41%
Jetpunk
41%
Jetpunk
41%
Jetpunk
41%
Jetpunk
41%
Jetpunk
41%
Jetpunk
41%
Jetpunk
41%
Jetpunk
41%
Jetpunk
41%
Jetpunk
41%
Jetpunk
41%
Jetpunk
41%
Jetpunk
41%
Jetpunk
41%
Jetpunk
41%
Jetpunk
41%
No matching quizzes found
Score Distribution
Percent of People with Each Score
Percentile by Number Answered
Your Score History
You have not taken this quiz